Závěrečná zpráva 30. kongresu mezinárodní společnosti urbanistů

V dňoch 4.-10.9.1994 sa v Prahe konal 30. kongres Medzinárodnej spoločnosti urbanistov (MSU). Program vychádza z toho, že urbanisti z celého sveta sa môžu stať užitočnými v zmenených politických podmienkach. Rastú a menia sa požiadavky na územné a krajinné plánovanie. Nové plánovacie systémy a konce...

ver descrição completa

Na minha lista:
Detalhes bibliográficos
Formato: Capítulo de Livro
Idioma:tcheco
Assuntos:
Tags: Adicionar Tag
Sem tags, seja o primeiro a adicionar uma tag!

MARC

LEADER 00000naa a2200000 4500
001 r020642
005 20221205103258.4
041 0 |a cze 
044 |a CZ 
245 1 0 |a Závěrečná zpráva 30. kongresu mezinárodní společnosti urbanistů 
520 |a V dňoch 4.-10.9.1994 sa v Prahe konal 30. kongres Medzinárodnej spoločnosti urbanistov (MSU). Program vychádza z toho, že urbanisti z celého sveta sa môžu stať užitočnými v zmenených politických podmienkach. Rastú a menia sa požiadavky na územné a krajinné plánovanie. Nové plánovacie systémy a koncepcie. Hlavné úlohy plánovania na regionálnej úrovni. 
610 2 0 |a urbanizmus 
610 2 0 |a kongresy 
610 2 0 |a Praha 
610 2 0 |a 1994 
610 2 0 |a plánovanie územné 
610 2 0 |a plánovanie krajiny 
610 2 0 |a koncepcie 
610 2 0 |a svet 
610 2 0 |a regióny